书目信息 |
| 书名: | The lives of a cell | |
| 作者: | ||
| 分册号: | ||
| 分册名: | 出版地: | Toronto : |
|
| 出版社: | Bantam Books | |
| 出版时间: | 1974. | |
| 页数: | 180 p. : | |
| 开本: | 20020930 | |
| 丛书名: | ||
| 中图分类号: | ||
| 科图分类号: | ||
| 其他分类号: | Q10 | |
| 主题词: | ||
| 电子资源: | ||
| 000 | 00591nam 2200205 a 4500 | |
| 001 | E0753887719 | |
| 005 | 20070518150244.75 | |
| 008 | uu | |
| 020 | @a0-553-13972-X. | |
| 040 | @aNLC | |
| 049 | @aN5LA | |
| 090 | @a2/Q10/TL///////////////////904383/-84/ 2cop./943994/ cop.3 | |
| 090 | @aQ10 | |
| 096 | @aQ10 @v2 | |
| 099 | @dQ10@ex59 | |
| 100 | 1 | @aThomas, Lewis. |
| 245 | 14 | @aThe lives of a cell :@bnotes of a Biology Watcher |
| 260 | @aToronto :@bBantam Books,@c1974. | |
| 300 | @a180 p. :@b00 ;@c20020930@lNLC09@h2245@lNLC09@h2247@lNLC09@h1839 | |
| 852 | 9 | @bWWJC @cJ08S @k2 @hQ10 @iTL |
| The lives of a cell : : notes of a Biology Watcher.-Toronto : : Bantam Books, , 1974. |
| 180 p. : : 00 ; ; 20020930 |
| ISBN 0-553-13972-X. |
| ● |
| 相关链接 |
|
|
|
|
正题名:lives of a cell
索取号:Q10/x59
 
预约/预借
| 序号 | 登录号 | 条形码 | 馆藏地/架位号 | 状态 | 备注 |
| 1 | 0009857 | 300098579 | 第二样本阅览室/ [索取号:Q10/x59] | 在馆 |